| 000 | 00672nam a22001577a 4500 | ||
|---|---|---|---|
| 003 | OSt | ||
| 005 | 20150919103702.0 | ||
| 008 | 150919b xxu||||| |||| 00| 0 eng d | ||
| 040 | _cRUA | ||
| 082 | _aAGR MAO 2005 B031 Or.1 | ||
| 100 |
_9844 _aMAO, SOPHAL. |
||
| 245 | _aComparing of nutural fertilizer on cauliflower at royal university of agriculture ការប្រៀបធៀបធម្មជាតិលើដំណាំខាត់ណាផ្កាក្នុងល័ក្ខខ័ណ្ឌសាកលវិទ្យាល័យភូមិន្ទកសិកម្ម | ||
| 260 |
_aPhnom Penh _bRUA _c2005 |
||
| 300 |
_a50p. _bill. _c29cm. |
||
| 942 |
_2ddc _cAGR |
||
| 999 |
_c815 _d815 |
||